[Event "SRI-ch (Women)"]
[Site "Colombo"]
[Date "2016.06.05"]
[Round "12"]
[White "Athukorala, Shavindi Uddeepana"]
[Black "Mendis, Dasuni Hansika"]
[Result "1-0"]
[WhiteElo "1460"]
[BlackElo "1679"]
[PlyCount "81"]
[EventDate "2016.05.27"]
[EventType "tourn"]
[EventRounds "13"]
[EventCountry "SRI"]
[SourceTitle "CBM 172 Extra"]
[Source "ChessBase"]
[SourceDate "2016.06.21"]
[SourceVersion "1"]
[SourceVersionDate "2016.06.21"]
[SourceQuality "1"]

1. e4 e5 2. Nf3 Nc6 3. Bc4 Bc5 4. c3 Nf6 5. d4 exd4 6. cxd4 Bb4+ 7. Nc3 Nxe4 8. 0-0 Bxc3 9. bxc3 0-0 10. Re1 d5 11. Bd3 Re8 12. Qc2 f5 13. Bf4 Be6 14. Rab1 Rb8 15. Bb5 Bd7 16. c4 dxc4 17. Bxc4+ Kh8 18. Bd3 Rf8 19. d5 Nd6 20. dxc6 Bxc6 21. Bg5 Qc8 22. Nd4 Bd5 23. Be7 Rf7 24. Bxd6 cxd6 25. Qxc8+ Rxc8 26. Bxf5 Rcf8 27. Be6 Bxe6 28. Nxe6 Rc8 29. Rec1 Re8 30. Rc7 Rxc7 31. Nxc7 Re7 32. Nd5 Rd7 33. Rc1 h6 34. Rc7 Rxc7 35. Nxc7 a6 36. Kf1 Kg8 37. Ne8 d5 38. Nc7 d4 39. Ne6 d3 40. Nc5 d2 41. Ke2 1-0

[Event "SRI-ch (Women)"]
[Site "Colombo"]
[Date "2016.06.05"]
[Round "11"]
[White "Tharushi, THD Niklesha"]
[Black "Athukorala, Shavindi Uddeepana"]
[Result "1-0"]
[WhiteElo "1601"]
[BlackElo "1460"]
[PlyCount "127"]
[EventDate "2016.05.27"]
[EventType "tourn"]
[EventRounds "13"]
[EventCountry "SRI"]
[SourceTitle "CBM 172 Extra"]
[Source "ChessBase"]
[SourceDate "2016.06.21"]
[SourceVersion "1"]
[SourceVersionDate "2016.06.21"]
[SourceQuality "1"]

1. d4 Nf6 2. c4 e5 3. dxe5 Ng4 4. Bf4 Nc6 5. Nf3 Bb4+ 6. Nc3 Qe7 7. Qd5 f6 8. exf6 Nxf6 9. Qd3 Ne4 10. Bd2 Nxd2 11. Nxd2 0-0 12. 0-0-0 Qf7 13. Nf3 d6 14. h3 Be6 15. e3 Bf5 16. Qd2 Na5 17. Ng5 Qe7 18. Nf3 Qf7 19. Qd4 Nc6 20. Qd5 Bxc3 21. Qxf7+ Rxf7 22. bxc3 h6 23. c5 Be6 24. cxd6 Bxa2 25. c4 Bb3 26. Rd5 cxd6 27. Kb2 Ba4 28. Rxd6 Rc8 29. c5 Rfc7 30. Bc4+ Kh8 31. Ra1 Na5 32. Be6 Rxc5 33. Bxc8 Nc4+ 34. Kb1 Nxd6 35. Rxa4 Nxc8 36. Nd4 Kg8 37. Ne6 Rb5+ 38. Kc2 Kf7 39. Nd4 Rc5+ 40. Kd3 a6 41. Ra3 Nd6 42. Rb3 Ke7 43. e4 Rg5 44. g4 Re5 45. f3 g6 46. Ke3 Nb5 47. f4 Rc5 48. Nxb5 axb5 49. Kd4 b6 50. Rb4 Kd6 51. h4 Ke7 52. f5 gxf5 53. gxf5 Kf6 54. Rb3 Rc4+ 55. Kd5 Rc5+ 56. Kd6 Re5 57. Rb4 Rc5 58. h5 Rc4 59. e5+ Kxf5 60. Rxc4 bxc4 61. e6 c3 62. e7 c2 63. e8Q c1Q 64. Qg6+ 1-0

[Event "SRI-ch (Women)"]
[Site "Colombo"]
[Date "2016.05.29"]
[Round "6"]
[White "Jayaweera, Sayuni Gihansa"]
[Black "Athukorala, Shavindi Uddeepana"]
[Result "1-0"]
[WhiteElo "1515"]
[BlackElo "1460"]
[PlyCount "113"]
[EventDate "2016.05.27"]
[EventType "tourn"]
[EventRounds "13"]
[EventCountry "SRI"]
[SourceTitle "CBM 172 Extra"]
[Source "ChessBase"]
[SourceDate "2016.06.21"]
[SourceVersion "1"]
[SourceVersionDate "2016.06.21"]
[SourceQuality "1"]

1. d4 Nf6 2. Nf3 d5 3. c4 c6 4. Qc2 e6 5. g3 Bd6 6. Bg2 Nbd7 7. Nbd2 Nf8 8. 0-0 Ng6 9. e4 dxe4 10. Nxe4 Be7 11. b3 0-0 12. Bb2 Rb8 13. Rfd1 b6 14. Ne5 Bb7 15. Nxf6+ Bxf6 16. Nxc6 Bxc6 17. Bxc6 Qc7 18. Bg2 Rfd8 19. d5 Bxb2 20. Qxb2 exd5 21. Bxd5 Ne5 22. Kg2 Ng4 23. h3 Nf6 24. Bf3 Rxd1 25. Rxd1 Rd8 26. Qc2 Rxd1 27. Qxd1 Qd7 28. Qxd7 Nxd7 29. Be4 Kf8 30. f4 Ke7 31. Kf3 h6 32. Ke3 Kd6 33. b4 a6 34. Kd4 a5 35. a3 axb4 36. axb4 Nf6 37. Bf3 Nd7 38. Bd5 f6 39. Bf3 g5 40. Bg4 Nf8 41. c5+ bxc5+ 42. bxc5+ Kc6 43. Bf3+ Kc7 44. Kd5 gxf4 45. gxf4 Ng6 46. Ke4 Ne7 47. f5 Kc6 48. Kd4+ Kc7 49. Be4 Kd7 50. Ke3 Kc7 51. Kf4 h5 52. Kg3 Nxf5+ 53. Bxf5 Kc6 54. Kh4 Kxc5 55. Kxh5 Kd6 56. Kg6 Ke7 57. Kg7 1-0

[Event "SRI-chB (Women)"]
[Site "Colombo"]
[Date "2016.03.21"]
[Round "10"]
[White "Weerasinghe, Asani Sankalpana"]
[Black "Athukorala, Shavindi Uddeepana"]
[Result "0-1"]
[WhiteElo "1434"]
[BlackElo "1377"]
[PlyCount "142"]
[EventDate "2016.03.12"]
[EventType "swiss"]
[EventRounds "10"]
[EventCountry "SRI"]
[SourceTitle "CBM 171 Extra"]
[Source "ChessBase"]
[SourceDate "2016.04.26"]
[SourceVersion "1"]
[SourceVersionDate "2016.04.26"]
[SourceQuality "1"]

1. e4 c5 2. Nf3 Nc6 3. d4 cxd4 4. Nxd4 a6 5. Nc3 e6 6. Nxc6 bxc6 7. a3 d5 8. Be3 Bd6 9. Bd3 Rb8 10. Rb1 Ne7 11. f4 Ng6 12. 0-0 Be7 13. Bd4 Bf6 14. e5 Be7 15. Qh5 c5 16. Bf2 Nxf4 17. Qf3 Ng6 18. Bxg6 hxg6 19. Na4 Qc7 20. Bg3 Bg5 21. Nc3 Bb7 22. Bf4 Bxf4 23. Qxf4 Rh5 24. Rbe1 Rf5 25. Qg3 Rxf1+ 26. Rxf1 Qe7 27. Qf4 Bc6 28. b3 Rb7 29. Ne2 Kd8 30. Qd2 Qc7 31. Nf4 Be8 32. Re1 Kc8 33. Qd3 c4 34. Qe3 cxb3 35. cxb3 Qb6 36. Qxb6 Rxb6 37. Rc1+ Rc6 38. Rxc6+ Bxc6 39. h4 Kb7 40. Kf2 Kb6 41. Ke3 Kc5 42. Nd3+ Kb6 43. Kd4 Bb5 44. Nf4 Bf1 45. g3 Kc6 46. g4 Kb6 47. Ke3 Kc5 48. a4 Kb4 49. Kf2 Kxb3 50. Kxf1 Kxa4 51. Nd3 Kb3 52. Nc5+ Kc4 53. Nxa6 Kd4 54. Ke2 Ke4 55. Kf2 Kf4 56. Nc5 Kxg4 57. Nd3 Kxh4 58. Kg2 Kg4 59. Kf2 g5 60. Kg2 f6 61. Kh2 Kf3 62. Kg1 Ke2 63. exf6 gxf6 64. Nf2 d4 65. Ne4 d3 66. Nf2 d2 67. Kg2 d1Q 68. Nxd1 Kxd1 69. Kf3 Kd2 70. Kf2 e5 71. Kf1 e4 0-1

[Event "SRI-chB (Women)"]
[Site "Colombo"]
[Date "2016.03.19"]
[Round "6"]
[White "Rajapaksha, RGRDM"]
[Black "Athukorala, Shavindi Uddeepana"]
[Result "0-1"]
[WhiteElo "1482"]
[BlackElo "1377"]
[PlyCount "102"]
[EventDate "2016.03.12"]
[EventType "swiss"]
[EventRounds "10"]
[EventCountry "SRI"]
[SourceTitle "CBM 171 Extra"]
[Source "ChessBase"]
[SourceDate "2016.04.26"]
[SourceVersion "1"]
[SourceVersionDate "2016.04.26"]
[SourceQuality "1"]

1. c4 e6 2. g3 d5 3. cxd5 exd5 4. Bg2 Nf6 5. e3 c6 6. Ne2 Bf5 7. a3 Nbd7 8. d4 Bd6 9. 0-0 0-0 10. Nbc3 Re8 11. b4 Nb6 12. Qb3 Qd7 13. Na4 Nxa4 14. Qxa4 Bh3 15. Rb1 Bxg2 16. Kxg2 Qg4 17. Rb2 a6 18. Qc2 Nd7 19. a4 Nb6 20. Nc3 Re6 21. Rh1 Nc4 22. Rb1 Rf6 23. Qe2 Qf5 24. h4 Nb6 25. Rb3 Qd7 26. b5 axb5 27. axb5 Nc4 28. bxc6 bxc6 29. Bb2 Na5 30. Ra1 Qc8 31. Rb6 Qc7 32. Ra6 Rxa6 33. Qxa6 Nc4 34. Qa8+ Bf8 35. Ra7 Qd6 36. Bc1 Qe6 37. Ba3 Nxa3 38. Rxa3 Qf5 39. Ra2 g6 40. Qb8 Kg7 41. f4 Bd6 42. Qd8 Re6 43. Re2 Qd3 44. Qa5 Rxe3 45. Rxe3 Qxe3 46. Qd8 Qxd4 47. Ne2 Qe4+ 48. Kf1 Qf3+ 49. Ke1 Bb4+ 50. Kd1 Qd3+ 51. Kc1 Ba3# 0-1